Đang tải...
Productivity
| Tác giả chính: | |
|---|---|
| Định dạng: | Printed Book |
| Ngôn ngữ: | English |
| Được phát hành: |
N.P.C
1987
|
| LEADER | 00388nam a22001337a 4500 | ||
|---|---|---|---|
| 005 | 20151215130027.0 | ||
| 008 | 100224t xxu||||| |||| 00| 0 eng d | ||
| 100 | |a Upadhyay, D.P |9 16753 | ||
| 245 | |a Productivity | ||
| 942 | |c BK |6 _ | ||
| 260 | |b N.P.C |c 1987 | ||
| 500 | |a VOL:28 | ||
| 999 | |c 111192 |d 111192 | ||
| 952 | |0 0 |1 0 |2 ddc |4 0 |6 _ |7 0 |9 143594 |a SMS |b SMS |c GEN |d 2010-02-24 |p SMS016146 |r 2010-02-24 |w 2010-02-24 |y BK | ||